LEADER 01124cam0 22002413 450 001 SON0004337 005 20230726100944.0 100 $a20010207d1877 |||||ita|0103 ba 101 $aita 102 $aIT 200 1 $aNotizie statistiche sull'arresto personale per debiti civili e commerciali nel Regno d'Italia durante il decennio 1866-75 raccolte per cura del ministro Guardasigilli (Mancini) per comunicarsi al Parlamento 210 $aRoma$cStamperia Reale$d1877 215 $aXXVI, 62 p.$d29 cm 700 1$aMancini$b, Pasquale Stanislao$3AF00004597$4070$0446854 801 0$aIT$bUNISOB$c20230726$gRICA 850 $aUNISOB 852 $aUNISOB$j340|Coll|5|K$m53285 912 $aSON0004337 940 $aM 102 Monografia moderna SBN 941 $aM 957 $a340|Coll|5|K$b000047$gSI$d53285$rACQUISTO$1Alfano$2UNISOB$3UNISOB$420230704102742.0$520230726100944.0$6Alfano 996 $aNotizie statistiche sull'arresto personale per debiti civili e commerciali nel Regno d'Italia durante il decennio 1866-75 raccolte per cura del ministro Guardasigilli (Mancini) per comunicarsi al Parlamento$91678666 997 $aUNISOB LEADER 02144oam 2200589M 450 001 9910716486003321 005 20200213070926.8 035 $a(CKB)5470000002521282 035 $a(OCoLC)1065610951 035 $a(OCoLC)995470000002521282 035 $a(EXLCZ)995470000002521282 100 $a20071213d1927 ua 0 101 0 $aeng 135 $aurcn||||||||| 181 $ctxt$2rdacontent 182 $cc$2rdamedia 183 $acr$2rdacarrier 200 10$aMaritime workers' compensation act. January 14, 1927. -- Committed to the Committee of the Whole House on the State of the Union and ordered to be printed 210 1$a[Washington, D.C.] :$c[U.S. Government Printing Office],$d1927. 215 $a1 online resource (20 pages) 225 1 $aHouse report / 69th Congress, 2nd session. House ;$vno. 1767 225 1 $a[United States congressional serial set] ;$v[serial no. 8688] 300 $aBatch processed record: Metadata reviewed, not verified. Some fields updated by batch processes. 300 $aFDLP item number not assigned. 606 $aClaims 606 $aEmployers' liability 606 $aIndustrial accidents 606 $aIndustrial safety 606 $aIndustrial relations 606 $aLegislative amendments 606 $aSurvivors' benefits 606 $aWorkers' compensation 606 $aMerchant mariners 608 $aLegislative materials.$2lcgft 615 0$aClaims. 615 0$aEmployers' liability. 615 0$aIndustrial accidents. 615 0$aIndustrial safety. 615 0$aIndustrial relations. 615 0$aLegislative amendments. 615 0$aSurvivors' benefits. 615 0$aWorkers' compensation. 615 0$aMerchant mariners. 701 $aGraham$b George Scott$f1850-1931$pRepublican (PA)$01386798 801 0$bWYU 801 1$bWYU 801 2$bOCLCO 801 2$bOCLCQ 906 $aBOOK 912 $a9910716486003321 996 $aMaritime workers' compensation act. January 14, 1927. -- Committed to the Committee of the Whole House on the State of the Union and ordered to be printed$93537351 997 $aUNINA